| 000 | 01074nam0a22002771 4500 | ||
|---|---|---|---|
| 001 | rc\2336455 | ||
| 005 | 20250623080557.0 | ||
| 035 | _a(NLR Aleph) 006677951 | ||
| 090 |
_a5052471 _c5052471 |
||
| 100 | _a20110829d1977 |||y0rusy50 ca | ||
| 101 | 0 | _arus | |
| 102 | _aRU | ||
| 105 | _ay z ||||| | ||
| 200 | 1 |
_aВычислительная техника в инженерных и экономических расчетах _eКонспект лекций _fВ.М. Самусь _gКиев. ин-т инженеров гражд. авиации |
|
| 210 |
_aКиев _cКИИГА _d1977 |
||
| 215 |
_a85 с. _cграф. _d21 |
||
| 320 | _aСписок лит.: с. 84 (6 назв.) | ||
| 606 |
_aЦифровые вычислительные машины _jПособия для заочников _2rkp |
||
| 700 | 1 |
_aСамусь _bВ.М. _gВладимир Михайлович |
|
| 801 | 0 |
_aRU _bNLR _gpsbo |
|
| 801 | 1 |
_aRU _bELAR _2rusmarc |
|
| 852 |
_aNLR _j77-4/28369 |
||
| 899 |
_aRuMoRGB _jБ 77-56/2280 |
||
| 899 |
_aRuMoRGB _jБ 77-56/2281 |
||
| 942 | _cBOOK | ||
| 980 | _aNB | ||